Biela, čierna a kancelárska technika
Vývoj technických zariadení v obchode. Kráčame zákazníckym chodníkom. Dizajn je filozofia i produkt. Preč s neovládateľnými vozíkmi. Módne sú bezskrutkové regály. Predaj bielej a čiernej techniky - cena klesá, odbornosť stúpa. Budú sa domácnosti riadiť počítačom? Elektroniku aj z internetu. Požiadav...
Saved in:
| Format: | Book Chapter |
|---|---|
| Language: | Slovak |
| Subjects: | |
| Tags: |
No Tags, Be the first to tag this record!
|
MARC
| LEADER | 00000naa a2200000 4500 | ||
|---|---|---|---|
| 001 | r045904 | ||
| 005 | 20231004094202.3 | ||
| 041 | 0 | |a slo | |
| 044 | |a SK | ||
| 245 | 1 | 0 | |a Biela, čierna a kancelárska technika |
| 520 | |a Vývoj technických zariadení v obchode. Kráčame zákazníckym chodníkom. Dizajn je filozofia i produkt. Preč s neovládateľnými vozíkmi. Módne sú bezskrutkové regály. Predaj bielej a čiernej techniky - cena klesá, odbornosť stúpa. Budú sa domácnosti riadiť počítačom? Elektroniku aj z internetu. Požiadavky kladené na modernú kancelársku techniku. | ||
| 610 | 2 | 0 | |a technika kancelárska |
| 610 | 2 | 0 | |a technika obchodná |
| 610 | 2 | 0 | |a vybavenosť domácností |
| 610 | 2 | 0 | |a vybavenosť obchodná |
| 610 | 2 | 0 | |a vybavenosť pracoviska |
| 610 | 2 | 0 | |a dizajn priemyselný |
| 610 | 2 | 0 | |a elektronika spotrebná |